[Event "Moscow Open A,B"]
[Site "?"]
[Date "2017.02.02"]
[Round "6.19"]
[White "Khlichkova, Tatiana"]
[Black "Shuvalova, Polina"]
[Result "0-1"]
[BlackElo "2387"]
[WhiteElo "2260"]
[LiveChessVersion "1.4.8"]

1. d4 {[%clk 1:30:58]} Nf6 {[%clk 1:30:23]} 2. Bg5 {[%clk 1:31:22]} c5
{[%clk 1:29:59]} 3. Bxf6 {[%clk 1:30:37]} gxf6 {[%clk 1:30:22]} 4. e3
{[%clk 1:27:07]} d5 {[%clk 1:23:26]} 5. dxc5 {[%clk 1:25:34]} e6 {[%clk 1:17:12]}
6. c4 {[%clk 1:25:46]} dxc4 {[%clk 1:13:49]} 7. Nd2 {[%clk 1:26:10]} c3
{[%clk 1:09:26]} 8. bxc3 {[%clk 1:26:34]} Bxc5 {[%clk 1:09:20]} 9. Bb5+
{[%clk 1:18:51]} Bd7 {[%clk 1:04:21]} 10. Qb3 {[%clk 1:03:22]} Nc6
{[%clk 0:59:59]} 11. Ne4 {[%clk 1:02:03]} Be7 {[%clk 0:59:02]} 12. Rd1
{[%clk 1:01:54]} Qc7 {[%clk 0:56:43]} 13. Nf3 {[%clk 0:51:33]} a6
{[%clk 0:56:19]} 14. Qa4 {[%clk 0:49:10]} O-O {[%clk 0:42:49]} 15. Be2
{[%clk 0:44:36]} b5 {[%clk 0:39:36]} 16. Qc2 {[%clk 0:41:48]} Rfd8
{[%clk 0:38:24]} 17. O-O {[%clk 0:39:54]} Rac8 {[%clk 0:38:00]} 18. c4
{[%clk 0:33:49]} f5 {[%clk 0:33:36]} 19. Ned2 {[%clk 0:32:15]} Na5
{[%clk 0:29:32]} 20. e4 {[%clk 0:21:42]} Nxc4 {[%clk 0:28:44]} 21. Nxc4
{[%clk 0:21:31]} bxc4 {[%clk 0:27:05]} 22. Rd4 {[%clk 0:19:22]} c3
{[%clk 0:19:23]} 23. Bxa6 {[%clk 0:12:25]} Rb8 {[%clk 0:19:21]} 24. Bd3
{[%clk 0:12:28]} Bb5 {[%clk 0:14:32]} 25. Rxd8+ {[%clk 0:03:05]} Bxd8
{[%clk 0:15:00]} 26. Rc1 {[%clk 0:02:51]} Bf6 {[%clk 0:10:19]} 27. exf5
{[%clk 0:01:44]} Qf4 {[%clk 0:07:44]} 28. Rf1 {[%clk 0:00:45]} Ba4
{[%clk 0:05:22]} 29. Qc1 {[%clk 0:01:03]} Qxc1 {[%clk 0:04:12]} 30. Rxc1
{[%clk 0:01:29]} Rd8 {[%clk 0:02:23]} 31. Ne1 {[%clk 0:01:26]} Bg5
{[%clk 0:02:32]} 32. Rxc3 {[%clk 0:01:43]} Bd2 {[%clk 0:02:41]} 33. Ra3
{[%clk 0:02:03]} Bxe1 {[%clk 0:02:22]} 34. fxe6 {[%clk 0:02:21]} fxe6
{[%clk 0:00:48]} 35. Bxh7+ {[%clk 0:02:33]} Kxh7 {[%clk 0:01:13]} 36. Rxa4
{[%clk 0:03:00]} Rd2 {[%clk 0:01:09]} 37. Re4 {[%clk 0:01:24]} Rd1
{[%clk 0:00:53]} 38. g3 {[%clk 0:01:38]} Bc3+ {[%clk 0:01:04]} 39. Kg2
{[%clk 0:02:05]} Rd6 {[%clk 0:01:24]} 40. f4 {[%clk 0:31:50]} Kg6
{[%clk 0:31:37]} 41. Kf3 {[%clk 0:26:07]} Kf5 {[%clk 0:30:08]} 42. Re3
{[%clk 0:25:25]} Bg7 {[%clk 0:23:56]} 43. g4+ {[%clk 0:25:00]} Kf6
{[%clk 0:24:15]} 44. h4 {[%clk 0:24:57]} Ra6 {[%clk 0:20:15]} 45. Re2
{[%clk 0:19:29]} Ra3+ {[%clk 0:19:24]} 46. Ke4 {[%clk 0:18:48]} Rg3
{[%clk 0:15:52]} 47. g5+ {[%clk 0:18:40]} Kg6 {[%clk 0:16:18]} 48. Rc2
{[%clk 0:16:22]} Ra3 {[%clk 0:15:50]} 49. Rc6 {[%clk 0:16:19]} Ra4+
{[%clk 0:14:12]} 50. Kf3 {[%clk 0:14:34]} Kf5 {[%clk 0:14:34]} 51. Rc5+
{[%clk 0:14:49]} e5 {[%clk 0:14:45]} 52. fxe5 {[%clk 0:15:13]} Rxh4
{[%clk 0:12:28]} 53. e6+ {[%clk 0:13:32]} Kxe6 {[%clk 0:12:50]} 54. Ra5
{[%clk 0:13:58]} Be5 {[%clk 0:11:48]} 55. g6 {[%clk 0:14:12]} Bf6
{[%clk 0:10:39]} 56. a4 {[%clk 0:13:07]} Rh6 {[%clk 0:10:39]} 57. g7
{[%clk 0:07:47]} Rg6 {[%clk 0:11:02]} 58. Kf4 {[%clk 0:07:37]} Rxg7
{[%clk 0:10:56]} 59. Ra6+ {[%clk 0:08:01]} Kf7 {[%clk 0:11:23]} 60. Ra7+
{[%clk 0:08:03]} Be7 {[%clk 0:11:50]} 61. Rb7 {[%clk 0:07:38]} Ke6
{[%clk 0:12:12]} 62. Kf3 {[%clk 0:07:52]} Rg5 {[%clk 0:12:02]} 63. Rb5
{[%clk 0:08:14]} Rg8 {[%clk 0:12:19]} 64. a5 {[%clk 0:08:29]} Bd6
{[%clk 0:12:37]} 65. a6 {[%clk 0:08:48]} Rg3+ {[%clk 0:12:29]} 66. Ke4
{[%clk 0:08:34]} Ra3 {[%clk 0:12:47]} 67. Rb1 {[%clk 0:08:18]} Ra4+
{[%clk 0:13:06]} 68. Kf3 {[%clk 0:08:37]} Kf5 {[%clk 0:13:27]} 69. Rb5+
{[%clk 0:08:36]} Be5 {[%clk 0:13:50]} 70. Rb7 {[%clk 0:08:44]} Ra3+
{[%clk 0:14:12]} 71. Ke2 {[%clk 0:09:04]} Ke4 {[%clk 0:14:15]} 72. Re7
{[%clk 0:09:16]} Ra2+ {[%clk 0:14:17]} 73. Kf1 {[%clk 0:09:33]} Rxa6
{[%clk 0:13:50]} 74. Re8 {[%clk 0:09:47]} Ra2 {[%clk 0:13:39]} 75. Re7
{[%clk 0:09:51]} Kf4 {[%clk 0:13:10]} 76. Rf7+ {[%clk 0:09:14]} Kg3
{[%clk 0:13:07]} 77. Rf8 {[%clk 0:08:33]} Bf4 {[%clk 0:13:20]} 78. Rg8+
{[%clk 0:04:45]} Kf3 {[%clk 0:13:47]} 79. Re8 {[%clk 0:04:59]} Rh2
{[%clk 0:13:01]} 80. Kg1 {[%clk 0:05:12]} Rh7 {[%clk 0:12:54]} 81. Rf8
{[%clk 0:01:28]} Ra7 {[%clk 0:13:10]} 0-1

[Event "Moscow Open A,B"]
[Site "?"]
[Date "2017.02.02"]
[Round "6.20"]
[White "Kovanova, Baira"]
[Black "Rakhmangulova, Anastasiya"]
[Result "1-0"]
[BlackElo "2254"]
[WhiteElo "2376"]
[LiveChessVersion "1.4.8"]

1. Nf3 {[%clk 1:30:58]} c5 {[%clk 1:30:54]} 2. e4 {[%clk 1:30:45]} e6
{[%clk 1:31:19]} 3. d4 {[%clk 1:29:13]} cxd4 {[%clk 1:31:44]} 4. Nxd4
{[%clk 1:29:41]} Nf6 {[%clk 1:32:08]} 5. Bd3 {[%clk 1:29:05]} Nc6
{[%clk 1:32:32]} 6. Nxc6 {[%clk 1:28:01]} dxc6 {[%clk 1:32:58]} 7. Nc3
{[%clk 1:24:45]} e5 {[%clk 1:33:20]} 8. Qf3 {[%clk 1:22:42]} Be6 {[%clk 1:27:59]}
9. h3 {[%clk 1:20:25]} Be7 {[%clk 1:22:24]} 10. Bg5 {[%clk 1:13:48]} Nd7
{[%clk 1:17:58]} 11. Be3 {[%clk 1:07:54]} Bg5 {[%clk 1:05:08]} 12. O-O
{[%clk 1:03:45]} Bxe3 {[%clk 1:03:43]} 13. Qxe3 {[%clk 0:59:59]} Qb6
{[%clk 1:01:11]} 14. Nd1 {[%clk 0:46:27]} O-O-O {[%clk 0:50:16]} 15. Qg3
{[%clk 0:39:24]} h5 {[%clk 0:48:09]} 16. Ne3 {[%clk 0:31:43]} Qxb2
{[%clk 0:43:14]} 17. Rab1 {[%clk 0:25:47]} Qa3 {[%clk 0:43:10]} 18. Rfd1
{[%clk 0:19:08]} h4 {[%clk 0:39:22]} 19. Qf3 {[%clk 0:19:28]} Nc5
{[%clk 0:39:19]} 20. Nf5 {[%clk 0:14:53]} g6 {[%clk 0:33:54]} 21. Ne3
{[%clk 0:12:37]} Na4 {[%clk 0:25:00]} 22. Re1 {[%clk 0:05:22]} Nc3
{[%clk 0:21:09]} 23. Ra1 {[%clk 0:05:47]} Qc5 {[%clk 0:18:27]} 24. a4
{[%clk 0:06:10]} a5 {[%clk 0:18:39]} 25. Ng4 {[%clk 0:05:01]} Bxg4
{[%clk 0:14:43]} 26. Qxg4+ {[%clk 0:05:16]} Kc7 {[%clk 0:14:52]} 27. Qf3
{[%clk 0:04:20]} Rd7 {[%clk 0:14:19]} 28. Bf1 {[%clk 0:03:38]} Qd4
{[%clk 0:12:06]} 29. Ra3 {[%clk 0:03:53]} Nxa4 {[%clk 0:03:34]} 30. Rd3
{[%clk 0:04:08]} b5 {[%clk 0:03:08]} 31. Rxd4 {[%clk 0:04:21]} exd4
{[%clk 0:03:36]} 32. Qa3 {[%clk 0:02:23]} Ra8 {[%clk 0:02:34]} 33. e5
{[%clk 0:02:29]} Nc3 {[%clk 0:01:38]} 34. e6 {[%clk 0:02:08]} b4 {[%clk 0:01:35]}
35. Qb3 {[%clk 0:02:09]} fxe6 {[%clk 0:02:01]} 36. Rxe6 {[%clk 0:02:03]} Rb8
{[%clk 0:01:24]} 37. Qc4 {[%clk 0:01:42]} Rb6 {[%clk 0:01:50]} 38. Qc5
{[%clk 0:01:48]} a4 {[%clk 0:02:06]} 39. Qe5+ {[%clk 0:01:43]} Kb7
{[%clk 0:02:07]} 40. Re8 {[%clk 0:32:02]} Nb5 {[%clk 0:31:28]} 41. Bxb5
{[%clk 0:22:37]} cxb5 {[%clk 0:28:34]} 42. Qc5 {[%clk 0:20:39]} Rc7
{[%clk 0:27:34]} 43. Qxb4 {[%clk 0:19:51]} Ka6 {[%clk 0:20:57]} 44. Qxd4
{[%clk 0:16:25]} Rxc2 {[%clk 0:18:23]} 45. Ra8+ {[%clk 0:16:23]} Kb7
{[%clk 0:18:49]} 46. Qd8 {[%clk 0:16:31]} Rc7 {[%clk 0:16:16]} 47. Rb8+
{[%clk 0:16:50]} Ka6 {[%clk 0:15:20]} 48. Qxc7 {[%clk 0:16:26]} Rxb8
{[%clk 0:15:45]} 49. Qxb8 {[%clk 0:16:52]} Ka5 {[%clk 0:16:11]} 50. Qa8+
{[%clk 0:15:55]} Kb4 {[%clk 0:16:35]} 51. Qa6 {[%clk 0:15:58]} 1-0

[Event "Moscow Open A,B"]
[Site "?"]
[Date "2017.02.03"]
[Round "7.16"]
[White "Osmak, Iulija"]
[Black "Gritsayeva, Oksana"]
[Result "0-1"]
[BlackElo "2321"]
[WhiteElo "2343"]
[LiveChessVersion "1.4.8"]

1. e4 {[%clk 1:30:57]} c5 {[%clk 1:30:55]} 2. Nf3 {[%clk 1:31:23]} d6
{[%clk 1:31:21]} 3. d4 {[%clk 1:31:47]} cxd4 {[%clk 1:31:46]} 4. Nxd4
{[%clk 1:32:15]} Nf6 {[%clk 1:32:09]} 5. Nc3 {[%clk 1:32:41]} a6 {[%clk 1:32:33]}
6. h3 {[%clk 1:33:05]} Nc6 {[%clk 1:32:34]} 7. Be3 {[%clk 1:32:58]} e5
{[%clk 1:32:36]} 8. Nb3 {[%clk 1:32:15]} Be6 {[%clk 1:32:41]} 9. Qf3
{[%clk 1:32:20]} Rc8 {[%clk 1:31:00]} 10. O-O-O {[%clk 1:32:00]} Nb4
{[%clk 1:28:38]} 11. Kb1 {[%clk 1:29:32]} Qc7 {[%clk 1:28:51]} 12. a3
{[%clk 1:21:07]} Nxc2 {[%clk 1:26:58]} 13. Kxc2 {[%clk 1:20:31]} Qc6
{[%clk 1:27:25]} 14. Nd2 {[%clk 1:14:50]} d5 {[%clk 1:27:28]} 15. exd5
{[%clk 1:13:31]} Nxd5 {[%clk 1:27:43]} 16. Ndb1 {[%clk 0:58:58]} Qa4+
{[%clk 1:22:11]} 17. Kd2 {[%clk 0:53:53]} Qb3 {[%clk 1:12:18]} 18. Ke1
{[%clk 0:52:28]} Nxe3 {[%clk 1:02:36]} 19. Qxe3 {[%clk 0:48:39]} Qxb2
{[%clk 1:00:49]} 20. Qxe5 {[%clk 0:40:26]} Bc5 {[%clk 0:52:17]} 21. Rd2
{[%clk 0:39:09]} Qc1+ {[%clk 0:51:44]} 22. Rd1 {[%clk 0:39:17]} Qb2
{[%clk 0:49:17]} 23. Rd2 {[%clk 0:25:00]} Qc1+ {[%clk 0:47:34]} 24. Rd1
{[%clk 0:25:21]} Qb2 {[%clk 0:46:18]} 25. Be2 {[%clk 0:16:32]} O-O
{[%clk 0:46:04]} 26. Kf1 {[%clk 0:16:57]} Rfe8 {[%clk 0:44:35]} 27. Qf4
{[%clk 0:15:31]} Bxa3 {[%clk 0:38:30]} 28. Nxa3 {[%clk 0:13:32]} Rxc3
{[%clk 0:38:38]} 29. Nb1 {[%clk 0:13:51]} Rcc8 {[%clk 0:35:31]} 30. Nd2
{[%clk 0:06:39]} Bb3 {[%clk 0:31:58]} 31. Re1 {[%clk 0:06:19]} Rc1
{[%clk 0:31:13]} 32. f3 {[%clk 0:04:46]} Rxe1+ {[%clk 0:25:33]} 33. Kxe1
{[%clk 0:05:13]} Qc1+ {[%clk 0:22:58]} 34. Kf2 {[%clk 0:05:39]} Qxh1
{[%clk 0:23:13]} 35. Nxb3 {[%clk 0:03:57]} Qb1 {[%clk 0:23:21]} 36. Nd2
{[%clk 0:04:16]} Qb6+ {[%clk 0:23:33]} 37. Kf1 {[%clk 0:04:37]} Qe6
{[%clk 0:20:00]} 38. Ne4 {[%clk 0:04:39]} b5 {[%clk 0:20:15]} 39. Kg1
{[%clk 0:04:40]} f5 {[%clk 0:17:54]} 40. Ng3 {[%clk 0:34:07]} g6 {[%clk 0:47:59]}
41. Kh2 {[%clk 0:33:32]} Qe5 {[%clk 0:45:46]} 42. Qh6 {[%clk 0:32:36]} Qd6
{[%clk 0:44:55]} 43. f4 {[%clk 0:32:22]} Qf8 {[%clk 0:43:11]} 44. Qg5
{[%clk 0:32:09]} Qe7 {[%clk 0:43:17]} 45. Qh6 {[%clk 0:32:05]} Rd8
{[%clk 0:43:01]} 46. h4 {[%clk 0:31:19]} Rd6 {[%clk 0:42:34]} 47. Kh3
{[%clk 0:30:27]} Qg7 {[%clk 0:42:11]} 48. Nxf5 {[%clk 0:28:18]} Qd7
{[%clk 0:40:38]} 49. Bg4 {[%clk 0:28:40]} gxf5 {[%clk 0:39:49]} 50. Qg5+
{[%clk 0:29:03]} Rg6 {[%clk 0:39:56]} 51. Bxf5 {[%clk 0:29:21]} Rxg5
{[%clk 0:40:12]} 52. Bxd7 {[%clk 0:29:49]} Rc5 {[%clk 0:40:13]} 53. f5
{[%clk 0:30:01]} b4 {[%clk 0:39:47]} 54. Kg4 {[%clk 0:30:16]} Kg7
{[%clk 0:40:06]} 55. Kh5 {[%clk 0:30:33]} b3 {[%clk 0:40:01]} 56. g4
{[%clk 0:29:50]} b2 {[%clk 0:40:19]} 57. g5 {[%clk 0:30:09]} b1=Q
{[%clk 0:40:05]} 0-1

[Event "Moscow Open A,B"]
[Site "?"]
[Date "2017.02.04"]
[Round "8.16"]
[White "Gritsayeva, Oksana"]
[Black "Kashlinskaya, Alina"]
[Result "1/2-1/2"]
[BlackElo "2418"]
[WhiteElo "2321"]
[LiveChessVersion "1.4.8"]

1. d4 {[%clk 1:30:58]} Nf6 {[%clk 1:31:16]} 2. c4 e6 {[%clk 1:31:16]} 3. Nf3
{[%clk 1:31:44]} d5 {[%clk 1:31:39]} 4. e3 {[%clk 1:32:09]} Be7 {[%clk 1:31:54]}
5. Nc3 {[%clk 1:32:16]} O-O {[%clk 1:31:49]} 6. Bd3 {[%clk 1:31:28]} dxc4
{[%clk 1:31:37]} 7. Bxc4 {[%clk 1:31:53]} a6 {[%clk 1:31:50]} 8. a4
{[%clk 1:26:15]} c5 {[%clk 1:30:21]} 9. O-O {[%clk 1:25:43]} Nc6 {[%clk 1:28:23]}
10. dxc5 {[%clk 1:19:15]} Bxc5 {[%clk 1:27:43]} 11. Qe2 Qc7 {[%clk 1:22:38]} 12.
h3 {[%clk 1:16:12]} Bd7 13. Bd2 Rac8 14. Bd3 Nb4 15. Bb1 h6 16. Ne4 Nxe4 17. Bxe4
Bc6 18. Bxc6 Qxc6 19. Bc3 Qe4 20. Rfd1 Nd5 21. Qd3 Nxc3 22. Qxc3 Be7 23. Qb3 Bf6
24. Rd7 b5 25. axb5 axb5 26. Qxb5 Rb8 27. Qd3 Qxd3 28. Rxd3 Rxb2 29. Rad1 Rc8 30.
R3d2 Rcc2 31. g3 g5 32. Rxc2 Rxc2 33. Rd2 Rxd2 34. Nxd2 Kg7 35. Nc4 Be7 36. g4
Kg6 37. Kg2 f6 38. Kf3 h5 39. Ke2 Bc5 40. Kd3 Ba7 1/2-1/2

[Event "Moscow Open A,B"]
[Site "?"]
[Date "2017.02.04"]
[Round "8.18"]
[White "Galliamova, Alisa"]
[Black "Schepetkova, Margarita"]
[Result "1-0"]
[BlackElo "2296"]
[WhiteElo "2446"]
[LiveChessVersion "1.4.8"]

1. d4 {[%clk 1:30:56]} d5 {[%clk 1:30:51]} 2. c4 {[%clk 1:31:22]} c6
{[%clk 1:31:13]} 3. Nf3 {[%clk 1:31:44]} Nf6 {[%clk 1:31:29]} 4. Nc3
{[%clk 1:32:04]} a6 {[%clk 1:31:32]} 5. e3 {[%clk 1:32:24]} b5 {[%clk 1:30:05]}
6. b3 {[%clk 1:32:49]} Bg4 {[%clk 1:29:43]} 7. Be2 {[%clk 1:33:12]} e6
{[%clk 1:28:38]} 8. h3 {[%clk 1:33:03]} Bf5 {[%clk 1:25:27]} 9. g4
{[%clk 1:32:28]} Bg6 {[%clk 1:12:47]} 10. Ne5 {[%clk 1:32:27]} Nfd7
{[%clk 1:03:36]} 11. Nxg6 {[%clk 1:31:34]} hxg6 {[%clk 1:04:02]} 12. Qc2
{[%clk 1:27:46]} Be7 {[%clk 0:59:16]} 13. e4 {[%clk 1:15:17]} dxc4
{[%clk 0:58:08]} 14. bxc4 {[%clk 1:15:32]} bxc4 {[%clk 0:54:28]} 15. Be3
{[%clk 1:05:19]} Nb6 {[%clk 0:52:28]} 16. Na4 {[%clk 1:02:27]} N8d7
{[%clk 0:44:17]} 17. Kf1 {[%clk 0:45:30]} O-O {[%clk 0:42:29]} 18. Kg2
{[%clk 0:43:06]} Qc7 {[%clk 0:38:06]} 19. Nxb6 {[%clk 0:38:34]} Nxb6
{[%clk 0:38:31]} 20. Bxc4 {[%clk 0:38:20]} Rfc8 {[%clk 0:31:46]} 21. Be2
{[%clk 0:36:00]} Nd7 {[%clk 0:31:48]} 22. Rhd1 {[%clk 0:24:50]} a5
{[%clk 0:30:11]} 23. Rac1 {[%clk 0:22:34]} Ba3 {[%clk 0:25:55]} 24. Rb1
{[%clk 0:22:49]} Rab8 {[%clk 0:24:29]} 25. Qa4 {[%clk 0:17:19]} Bb4
{[%clk 0:24:48]} 26. Ba6 {[%clk 0:15:46]} Rd8 {[%clk 0:22:33]} 27. Rbc1
{[%clk 0:15:38]} Qa7 {[%clk 0:19:41]} 28. Be2 {[%clk 0:15:06]} Nb6
{[%clk 0:15:57]} 29. Qb3 {[%clk 0:14:39]} Be7 {[%clk 0:14:12]} 30. Qd3
{[%clk 0:14:51]} c5 {[%clk 0:11:57]} 31. Qa6 {[%clk 0:13:38]} Qxa6
{[%clk 0:12:23]} 32. Bxa6 {[%clk 0:14:04]} cxd4 {[%clk 0:12:41]} 33. Rxd4
{[%clk 0:13:36]} Rxd4 {[%clk 0:12:15]} 34. Bxd4 {[%clk 0:14:03]} Na4
{[%clk 0:08:01]} 35. Rc7 {[%clk 0:08:30]} Bf6 {[%clk 0:06:38]} 36. e5
{[%clk 0:08:07]} Bd8 {[%clk 0:06:20]} 37. Ra7 {[%clk 0:02:18]} Bb6
{[%clk 0:04:56]} 38. Bxb6 {[%clk 0:02:42]} Rxb6 {[%clk 0:04:28]} 39. Bf1
{[%clk 0:01:36]} Nc3 {[%clk 0:02:37]} 40. Ra8+ {[%clk 0:31:34]} Kh7
{[%clk 0:33:02]} 41. Rxa5 {[%clk 0:30:45]} Rb2 {[%clk 0:33:04]} 42. Ra7
{[%clk 0:26:45]} Rxa2 {[%clk 0:31:40]} 43. Rxf7 {[%clk 0:25:30]} Ra5
{[%clk 0:32:00]} 44. Rf3 {[%clk 0:20:41]} Nd5 {[%clk 0:31:50]} 45. Kg3
{[%clk 0:12:05]} g5 {[%clk 0:28:41]} 46. Bd3+ {[%clk 0:11:34]} Kg8
{[%clk 0:25:09]} 47. Bc4 {[%clk 0:07:13]} Nc7 {[%clk 0:24:30]} 48. Rd3
{[%clk 0:06:42]} Rc5 {[%clk 0:23:07]} 49. Ba2 {[%clk 0:06:22]} Kf8
{[%clk 0:17:29]} 50. f4 {[%clk 0:02:51]} gxf4+ {[%clk 0:17:24]} 51. Kxf4
{[%clk 0:03:17]} Ke7 {[%clk 0:17:36]} 52. Bb3 {[%clk 0:02:57]} Rb5
{[%clk 0:14:59]} 53. h4 {[%clk 0:03:01]} Rb4+ {[%clk 0:14:57]} 54. Kf3
{[%clk 0:02:31]} Nb5 {[%clk 0:15:03]} 55. Kg3 {[%clk 0:01:56]} Nd4
{[%clk 0:14:34]} 56. Bd1 {[%clk 0:01:59]} Nc6 {[%clk 0:14:46]} 57. Re3
{[%clk 0:02:05]} Rd4 {[%clk 0:12:10]} 58. Bf3 {[%clk 0:02:12]} Na5
{[%clk 0:12:09]} 59. Ra3 {[%clk 0:02:15]} Nc4 {[%clk 0:12:25]} 60. Ra4
{[%clk 0:02:18]} Kf7 {[%clk 0:10:29]} 61. Be2 {[%clk 0:02:27]} 1-0

[Event "Moscow Open A,B"]
[Site "?"]
[Date "2017.02.05"]
[Round "9.18"]
[White "Vasilevich, Irina"]
[Black "Nechaeva, Marina"]
[Result "1/2-1/2"]
[BlackElo "2406"]
[WhiteElo "2285"]
[LiveChessVersion "1.4.8"]

1. d4 {[%clk 1:14:55]} d5 {[%clk 1:30:54]} 2. Nf3 {[%clk 1:15:13]} Nf6
{[%clk 1:31:19]} 3. Bf4 {[%clk 1:15:18]} c5 {[%clk 1:31:43]} 4. dxc5
{[%clk 1:15:26]} e6 {[%clk 1:30:04]} 5. e3 {[%clk 1:15:29]} Bxc5 {[%clk 1:30:29]}
6. Be2 {[%clk 1:15:46]} Nc6 {[%clk 1:30:53]} 7. O-O {[%clk 1:15:42]} O-O
{[%clk 1:31:04]} 8. c4 {[%clk 1:14:52]} h6 {[%clk 1:21:32]} 9. Nc3
{[%clk 1:08:06]} a6 {[%clk 1:20:22]} 10. Rc1 {[%clk 1:02:53]} Ba7
{[%clk 1:18:20]} 11. cxd5 {[%clk 0:44:20]} exd5 {[%clk 1:18:41]} 12. Nd4
{[%clk 0:44:09]} Qe7 {[%clk 1:02:49]} 13. Bf3 {[%clk 0:42:11]} Rd8
{[%clk 1:00:25]} 14. Nce2 {[%clk 0:25:07]} Ne5 {[%clk 0:27:38]} 15. Qc2
{[%clk 0:23:14]} Nxf3+ {[%clk 0:26:02]} 16. Nxf3 {[%clk 0:23:37]} Bg4
{[%clk 0:25:48]} 17. Qc7 {[%clk 0:20:30]} Rd7 {[%clk 0:24:10]} 18. Qe5
{[%clk 0:19:44]} Qd8 {[%clk 0:23:01]} 19. Rc7 {[%clk 0:11:11]} Bb8
{[%clk 0:17:05]} 20. Rxd7 {[%clk 0:11:36]} Qxd7 {[%clk 0:17:27]} 21. Qd4
{[%clk 0:11:12]} Bxf3 {[%clk 0:16:16]} 22. gxf3 {[%clk 0:11:35]} Ba7
{[%clk 0:06:55]} 23. Qd3 {[%clk 0:11:22]} Qh3 {[%clk 0:06:07]} 24. Ng3
{[%clk 0:09:38]} Rc8 {[%clk 0:05:13]} 25. Be5 {[%clk 0:09:21]} Qe6
{[%clk 0:04:59]} 26. Bc3 {[%clk 0:08:07]} g6 {[%clk 0:03:54]} 27. Rd1
{[%clk 0:07:43]} h5 {[%clk 0:03:40]} 28. Bxf6 {[%clk 0:03:56]} Qxf6
{[%clk 0:04:07]} 29. Qxd5 {[%clk 0:04:20]} Qxb2 {[%clk 0:04:16]} 30. Qg5
{[%clk 0:04:20]} Rc1 {[%clk 0:02:18]} 31. Rxc1 {[%clk 0:04:43]} Qxc1+
{[%clk 0:02:46]} 32. Kg2 {[%clk 0:05:08]} Qc5 {[%clk 0:02:17]} 33. Qd8+
{[%clk 0:04:11]} Kg7 {[%clk 0:02:31]} 34. Ne4 {[%clk 0:04:25]} Qe5
{[%clk 0:00:39]} 35. Nd6 {[%clk 0:04:29]} Bc5 {[%clk 0:00:38]} 36. Nxb7
{[%clk 0:03:04]} Bxe3 {[%clk 0:00:56]} 37. fxe3 {[%clk 0:02:04]} Qb2+
{[%clk 0:01:24]} 38. Kg3 {[%clk 0:02:28]} Qxb7 {[%clk 0:01:50]} 39. Qd4+
{[%clk 0:02:45]} f6 {[%clk 0:01:14]} 40. a4 {[%clk 0:31:53]} Qc7+
{[%clk 0:31:25]} 41. Kg2 {[%clk 0:32:16]} a5 {[%clk 0:30:41]} 42. Qe4
{[%clk 0:32:00]} 1/2-1/2